000 00709nam a22002417i 4500
003 DO-SdBNP
005 20250421120543.0
007 ta
008 250421b201220? |||||||| |||| 00| 0 eng d
040 _aDO-SdBNP
_bspa
_cBNPHU
_erda
041 _hspa
082 _axxx
_bC761
_222
100 _975580
245 0 _aContenidos básicos de recursos naturales y medio ambiente
264 _aSanto Domingo :
_bUniversidad Nacional Tecnológica (UNNATEC),
_cfecha no identificada
300 _a129 Páginas ;
_c28 cm
336 _ardacontent
_btexto
_2txt
337 _ardamedia
_bsin mediación
_2n
338 _ardacarrier
_bvolumen
_2nc
590 _aInventariado, 2025 /DG
910 _aDG
942 _2ddc
_cLBS1
999 _c58735
_d58735